LEADER 00993nam a2200253 i 4500 001 991001739629707536 008 120604s2006 enka b 001 0 eng d 020 $a9781845930400 020 $a1845930401 035 $ab14062124-39ule_inst 040 $aDip.to Lingue$bita 100 1 $aDecrop, Alain$0477110 245 10$aVacation decision making /$cAlain Decrop 260 $aWallingford, UK ;$aCambridge, MA :$bCABI Pub.,$cc2006 300 $axxiii, 226 p. :$bill. ;$c24 cm 504 $aContiene riferimenti bibliografici ed indice 650 4$aTurismo$xProcesso decisionale 856 41$3Table of contents$uhttp://www.loc.gov/catdir/toc/ecip0514/2005016928.html$zIndice 907 $a.b14062124$b28-01-14$c04-06-12 912 $a991001739629707536 945 $aLE012 338.479 1 DEC$g1$i2012000441743$lle012$o-$pE0.00$q-$rl$s- $t0$u1$v0$w1$x0$y.i15417335$z04-06-12 996 $aVacation decision making$9239163 997 $aUNISALENTO 998 $ale012$b04-06-12$cm$da $e-$feng$genk$h0$i0 LEADER 02638 am 22006133u 450 001 9910137626103321 005 20230725040427.0 010 $a1-921666-39-0 010 $a1-921666-38-2 035 $a(CKB)3170000000065358 035 $a(EBL)4615199 035 $a(SSID)ssj0000671447 035 $a(PQKBManifestationID)11367815 035 $a(PQKBTitleCode)TC0000671447 035 $a(PQKBWorkID)10614565 035 $a(PQKB)11269136 035 $a(MiAaPQ)EBC4615199 035 $a(Au-PeEL)EBL4615199 035 $a(CaPaEBR)ebr11240744 035 $a(OCoLC)658207512 035 $a(EXLCZ)993170000000065358 100 $a20110422h20102010 uy| 0 101 0 $aeng 135 $aur|n|---||||| 181 $ctxt 182 $cc 183 $acr 200 00$aEducation and ethics in the life sciences $estrengthening the prohibition of biological weapons /$fedited by Brian Rappert 210 1$aActon, A.C.T. :$cANU E Press,$d[2010] 210 4$d©2010 215 $a1 online resource (240 p.) 225 1 $aPractical ethics and public policy ;$vnumber 1 300 $aDescription based upon print version of record. 320 $aIncludes bibliographical references. 327 $aChapter 6: Bioethics and Biosecurity Education in China: Rise of a Scientific Superpower. Michael Barr and Joy Yueyue ZhangChapter 7: Raising Awareness among Australian Life Scientists. Christian Enemark; Chapter 8: Bringing Biosecurity-related Concepts into the Curriculum: A US View. Nancy Connell Brendan Mccluskey; PART 3. THE WAYS FORWARD; Chapter 9: Implementing and Measuring the Efficacy of Biosecurity and Dual-use Education. James Revill and Giulio Mancini 327 $aChapter 10: Biosecurity Awareness-raising and Education for Life Scientists: What Should be Done Now? Simon Whitby and Malcolm DandoChapter 11: Teaching Ethics to Science Students: Challenges and a Strategy. Jane Johnson; Conclusion: Lessons for Moving Ahead. Louise Brian Rappert Louise Bezuidenhout 410 0$aPractical ethics and public policy ;$vno. 1. 606 $aBioethics 606 $aBiological arms control$xVerification 606 $aBiosecurity 606 $aCommunicable diseases$xPrevention 615 0$aBioethics. 615 0$aBiological arms control$xVerification. 615 0$aBiosecurity. 615 0$aCommunicable diseases$xPrevention. 676 $a327.1745 702 $aRappert$b Brian 801 0$bMiAaPQ 801 1$bMiAaPQ 801 2$bMiAaPQ 906 $aBOOK 912 $a9910137626103321 996 $aEducation and ethics in the life sciences$92073766 997 $aUNINA LEADER 01857nam 2200517zu 450 001 9910162865803321 005 20210803233325.0 010 $a2-336-39453-7 035 $a(CKB)3810000000043484 035 $a(SSID)ssj0001667697 035 $a(PQKBManifestationID)16456788 035 $a(PQKBTitleCode)TC0001667697 035 $a(PQKBWorkID)14997314 035 $a(PQKB)10877905 035 $a(EXLCZ)993810000000043484 100 $a20160829d2015 uy 101 0 $afre 181 $ctxt 182 $cc 183 $acr 200 10$aJean Félix-Tchicaya (1903-1961) : premier parlementaire du Moyen-Congo et du Gabon à l'Assemblée constituante et à l'Assemblée nationale française 210 31$a[Place of publication not identified]$cL'Harmattan$d2015 300 $aBibliographic Level Mode of Issuance: Monograph 311 $a2-343-07547-6 517 $aJean Félix-Tchicaya - 606 $aPoliticians$zCongo (Brazzaville)$vBiography 606 $aPoliticians$zGabon$vBiography 606 $aLegislators$zFrance$vBiography 606 $aRegions & Countries - Africa$2HILCC 606 $aHistory & Archaeology$2HILCC 607 $aFrance$xColonies$zAfrica$xPolitics and government 607 $aFrance$xPolitics and government$y1945-1958 615 0$aPoliticians 615 0$aPoliticians 615 0$aLegislators 615 7$aRegions & Countries - Africa 615 7$aHistory & Archaeology 700 $aMavoungou$b Élie$01078128 702 $aMavoungou$b âElie 702 $aFâelix-Tchicaya$b Serge 702 $aFélix-Tchicaya$b Serge 801 0$bPQKB 906 $aBOOK 912 $a9910162865803321 996 $aJean Félix-Tchicaya (1903-1961) : premier parlementaire du Moyen-Congo et du Gabon à l'Assemblée constituante et à l'Assemblée nationale française$92589778 997 $aUNINA